Normal view
MARC view
- Conception, Pocholo.
Entry Personal Name
001 - CONTROL NUMBER
- control field: 48342
003 - CONTROL NUMBER IDENTIFIER
- control field: OSt
005 - DATE AND TIME OF LATEST TRANSACTION
- control field: 20230331153540.0
008 - FIXED-LENGTH DATA ELEMENTS
- fixed length control field: 230331|| aca||aabn | a|a d
040 ## - CATALOGING SOURCE
- Original cataloging agency: OSt
- Transcribing agency: OSt
100 ## - HEADING--PERSONAL NAME
- Personal name: Conception, Pocholo.
670 ## - SOURCE DATA FOUND
- Source citation: Work cat.: (OSt): Conception, Pocholo., DDB rolls out medical cannabis plans /, February 18, 2020.
